| 000 | 01075cam a2200253 i 4500 | ||
|---|---|---|---|
| 003 | SA-RiAUC | ||
| 005 | 20250220073942.0 | ||
| 008 | 250220s2000 su g 0000p ara c | ||
| 040 |
_aSA-RiAUC _bara _cSA-RiAUC _erda |
||
| 082 | 0 | 4 |
_a811.9531 _qSA-RiAUC |
| 090 |
_a811.9531 _b غ ز ا |
||
| 100 | 1 |
_aالغزاوي، أحمد بن إبراهيم، _d1318-1401 هجري _eمؤلف. |
|
| 245 | 1 | 2 |
_aالأعمال الشعرية الكاملة وأعمال نثرية / _cللشاعر أحمد بن إبراهيم الغزاوي. |
| 264 | 1 |
_aجدة : _bعبد المقصود خوجة، _c[2000] |
|
| 300 |
_a6 مجلد ؛ _c24 سم |
||
| 336 |
_aنص _btxt _2rdacontent _3كتاب |
||
| 337 |
_aبدون وسيط _bn _2rdamedia |
||
| 338 |
_aمجلد _bnc _2rdacarrier |
||
| 490 |
_aكتاب الاتنينية _v16 |
||
| 500 | _aاهداء من عبدالمقصود محمد سعيد خوجه بتاريخ 6/ 5 /2001م | ||
| 650 | 7 |
_aالشعر العربي _zالسعودية _yقرن 14 هجري _2aucsh |
|
| 942 |
_2ddc _cBOOK _n0 |
||
| 949 |
_aSA-JeALM _d250220 _ueid123 _n1 |
||
| 999 |
_c6109 _d6109 |
||